Analysis of early-age behavior of reinforced concrete walls

Uložené v:
Podrobná bibliografia
Hlavný autor: Matiašková, Lýdia (Autor)
Ďalší autori: Šoltész, Július (Vedúci práce)
Médium: Rukopis Kniha
Jazyk:Slovak
English
Vydavateľské údaje: 2019
Predmet:
On-line prístup:http://is.stuba.sk/zp/portal_zp.pl?podrobnosti=124495
Tagy: Pridať tag
Žiadne tagy, Buďte prvý, kto otaguje tento záznam!

MARC

LEADER 00000ntm a22000003a 4500
001 stuzp54468
003 SK-STU
005 20191221210151.1
007 ta
008 150427s2015----xo-----f-mn---000-0-slo-d
040 |a STU  |b slo 
041 0 |a eng 
100 1 |a Matiašková, Lýdia  |u 010110  |4 aut  |U SvF Stavebná fakulta  |T SvF Katedra betónových konštrukcií a mostov  |X 59085  |U V110  |Y 11  |7 A000059085 
242 0 1 |a Analýza raného štádia v betónových stenách na základových doskách  |y slo 
245 1 0 |a Analysis of early-age behavior of reinforced concrete walls 
260 |c 2019 
650 4 |a Stupeň obmedzenia deformácií v stenách na základových doskách  |2 slo 
650 4 |a Rané štádium betónových prvkov  |2 slo 
650 4 |a Riziko vzniku raných trhlín  |2 slo 
650 4 |a Teplo z hydratácie  |2 slo 
650 4 |a Heat of hydration  |2 eng 
650 4 |a Risk of early-age cracking  |2 eng 
650 4 |a Degree of restraint in walls on foundations  |2 eng 
650 4 |a Early-age concrete  |2 eng 
700 1 |a Šoltész, Július  |u 010110  |k Z1  |4 ths  |U SvF Stavebná fakulta  |T SvF Katedra betónových konštrukcií a mostov  |X 638  |U V110  |Y 11  |7 A000000638 
856 4 |u http://is.stuba.sk/zp/portal_zp.pl?podrobnosti=124495 
996 |b 284V041490  |c V* 3452/DP-1382  |l VVS  |s P  |a 0  |w stuzp54468_0001